Historical cities- Europe - Statistics

General Stats
  • This quiz has been taken 74 times
  • The average score is 17 of 25
Answer Stats
Hint City % Correct
2) The birthplace of modern democracy Athens
99%
1) Belgian town where Napoleon methis final defeat Waterloo
96%
11) Former Soviet capital, also called Leningrad St Petersburg
94%
4) Capital of the vast empire lasting until itsfall in 476 AD Rome
93%
10) City where Archduke Ferdinand was assassinated in1914 Sarajevo
93%
18) Eastern capital of the Roman empire, once called Constantinople Istanbul
88%
3) This powerful city-state defeated the above inthe Peloponnesian War Sparta
88%
14) Widely considered the birthplace of the EuropeanRenaissance Florence
87%
8) This North African city defeated Rome in thePunic Wars Carthage
86%
5) One of the largest shipbuilding ports, includingthe construction of the Titanic Belfast
84%
25) Christopher Columbus hailed from this Italian port city Genoa
81%
19) Mozart was born in this Austrian city in 1756 Salzburg
81%
12) This Crimean city held the Allied conference of 1945after WW2 Yalta
80%
9) This town was the birthplace of William Shakespeare Stratford
72%
21) William of Normandy defeated King Harold of Englandin this town in 1066 Hastings
70%
7) Was called Smyrna during the Greek reign Izmir
67%
15) This Croatian coastal city built stone walls during theMiddle Ages to protect from sea invasions Dubrovnik
65%
17) Walled city in England on the River Ouse built by the Romans York
64%
22) A German invasion of this Russian city, then known asStalingrad, occurred from July 1942-Feb 1943 Volgograd
55%
6) Bulgarian city home to the Roman amphitheater of Philippopolis Plovdiv
48%
23) This German city was the site of this Napoleonic battlein 1813 Leipzig
45%
24) Beethoven was born in 1770 in this German town Bonn
35%
13) The "Diet" of this German city was held to proveMartin Luther as a heretic of the state Worms
30%
16) Norwegian coastal city captured by the Nazis duringthe campaign of April-June of 1940 Narvik
26%
20) Nikola Tesla was born in this rural Croatian townin 1856, though he was Serbian Smiljan
0%
No matching quizzes found
Score Distribution
Percent of People with Each Score
Percentile by Number Answered
Your Score History
You have not taken this quiz